Anagrammes personnages Disney #2 - Statistiques

Statistiques générales
  • Ce quiz a été pris 633 fois
  • Le résultat moyen est 9 sur 20
Statistiques - réponses
Anagrammes Réponses % Correct
CLINONDERL Cendrillon
90%
MAULN Mulan
82%
PHALR Ralph
78%
FOAL Olaf
76%
MOBUD Dumbo
74%
ARYA Raya
74%
CHOCRALD Clochard
63%
CHANBLE-GENIE Blanche-Neige
61%
OPONCHOL Polochon
60%
PATACHONSO Pocahontas
54%
CELAI Alice
36%
DUYJ SPOPH Judy Hopps
36%
DADLON Donald
33%
YOURK Rouky
33%
MILNER Merlin
28%
MERUILE Lumière
22%
XYAMBA Baymax
11%
CALLURE F'RENDE Cruella d'Enfer
10%
KINEA Kenai
8%
GAMOINCIF Magnifico
1%
Aucun quiz correspondant
Distribution des résultats
% des personnes avec chaque résultat
Percentile par nombre de réponses
Votre historique - résultats
Vous n’avez pas pris ce quiz